000
00301nam a2200109Ia 4500
008
171211s9999 xx 000 0 und d
245
_a
Betty Crocker The Big Book of Cookies
245
_c
Betty Crocker
260
_c
2012
650
_x
COOKBOOKS
856
_u
http://down.ebook777.com/063/1118177428.pdf
999
_c
348139
_d
348139